Catàleg de l'exposició inaugural del Centre d'Art Contemporani La Sala amb motiu de la remodelació de l'edifici : juny de 2007 juny de 2007
ISBN:
978-84-89932-00-5
Descripción Física:
107 p. : il. col. ; 22 cm
Materias:
Centre d'Art Contemporani La Sala
MARC
| LEADER | 00000nam a2200000Ia 4500 | ||
|---|---|---|---|
| 001 | 22870 | ||
| 008 | 160829s2007 xx 000 0 cat d | ||
| 020 | |a 978-84-89932-00-5 | ||
| 080 | |a B-2-222 | ||
| 245 | |a Catàleg de l'exposició inaugural del Centre d'Art Contemporani La Sala amb motiu de la remodelació de l'edifici : |b juny de 2007 | ||
| 260 | |a Vilanova i la Geltrú : |b Ajuntament de Vilanova i la Geltrú, |c 2007 | ||
| 300 | |a 107 p. : |b il. col. ; |c 22 cm | ||
| 590 | |a Textos en català, castellà i anglès | ||
| 610 | 2 | 0 | |a Centre d'Art Contemporani La Sala |9 55006 |
| 710 | 1 | |a Vilanova i la Geltrú (Catalunya). |b Ajuntament |9 51423 | |
| 710 | 2 | |a Centre d'Art Contemporani La Sala |9 55006 | |
| 901 | |a Arxiu | ||
| 942 | |n 1 | ||
| 952 | |0 0 |1 0 |4 0 |6 B2222 |7 1 |9 53203 |a Arxiu |b Arxiu |d 2016-12-01 |l 0 |o B-2-222 |p 22870 |r 2016-12-01 00:00:00 |w 2016-12-01 |y ARXIU | ||
| 999 | |c 57052 |d 57052 | ||